000 00449nam a2200145Ia 4500
008 231217s9999 xx 000 0 und d
041 _aEnglish
082 _a658.3 KAN;1 R
100 _aKandula, Srinivas R
245 0 _aHuman resource management in practice : with 300 models, techniques and tools
260 _c2003
_bPHI
_aNew Delhi
300 _axii+384
650 _aHuman,resource,management,:,300,models,,techniques,tools
942 _cAA
999 _c171301
_d171301